| 000 | 00796nmc a2200313 a 4500 | ||
|---|---|---|---|
| 003 | AR-BaBNM | ||
| 005 | 20251128204116.0 | ||
| 008 | 062120s1992 ||||||||||||||000 | spa|| | ||
| 020 | _a950-25-2643-2- | ||
| 040 | _cAR-BaBNM | ||
| 100 | 0 | _aCesar Bruto | |
| 245 | 1 | 0 |
_aHumorismo y costumbrismo _b1950-1970 |
| 260 |
_aBuenos Aires _bCentro Editor de América Latina _c1992 |
||
| 300 | 1 | _aviii, 100 p. | |
| 490 | 0 | _aBiblioteca básica Argentina. Serie A | |
| 650 | 4 | _aLITERATURA ARGENTINA | |
| 650 | 4 | _aHUMOR | |
| 650 | 4 | _aANTOLOGIAS | |
| 650 | 4 | _aSATIRA | |
| 650 | 4 | _aSIGLO VEINTE | |
| 651 | 4 | _aArgentina | |
| 653 | 0 | _aCOSTUMBRISMO | |
| 655 | _aLITERATURA | ||
| 700 | 0 | _aLandrú | |
| 700 | 0 | _aCopi | |
| 700 | 1 |
_aRivera, Jorge B. _eprologuista |
|
| 942 | _cBK | ||
| 998 | _cMARTA | ||
| 999 |
_c6209 _d6209 |
||